[Event "La Mancha-ch"]
[Site "Valverde de Jucar"]
[Date "2017.07.06"]
[Round "1.10"]
[White "Trabazos Gallego, Javier"]
[Black "Carnicero Jimenez, Jose Ramon"]
[Result "1-0"]
[WhiteElo "1925"]
[BlackElo "1494"]
[PlyCount "79"]
[EventDate "2017.07.06"]
[EventType "swiss"]
[EventRounds "6"]
[EventCountry "ESP"]
[SourceTitle "EXT 2024"]
[Source "ChessBase"]
[SourceDate "2023.10.10"]
[SourceVersion "1"]
[SourceVersionDate "2023.10.10"]
[SourceQuality "1"]

1. e4 e6 2. d3 d5 3. Nd2 c5 4. Ngf3 Nc6 5. g3 Qc7 6. Bg2 Nge7 7. 0-0 Ng6 8. Re1 d4 9. Qe2 Be7 10. e5 0-0 11. h4 Bd8 12. Nf1 f6 13. exf6 gxf6 14. Bh6 Rf7 15. Bh3 e5 16. Bg2 Nge7 17. N3h2 Nf5 18. Ng4 Kh8 19. Bd5 Nxh6 20. Nxh6 Rf8 21. Qh5 Kg7 22. Be4 Kh8 23. Bd5 Kg7 24. Nh2 Ne7 25. Bb3 Ng6 26. Nf5+ Bxf5 27. Qxf5 Kh8 28. h5 Ne7 29. Qe4 Ng8 30. Nf3 Nh6 31. Nh4 Qd7 32. Qf3 Rb8 33. Rxe5 Qg4 34. Qxg4 Nxg4 35. Rxc5 Bb6 36. Rd5 Rbe8 37. Rd7 Re2 38. Ng6+ hxg6 39. hxg6 Rf7 40. Rxf7 1-0